000 00966cam a2200205 4500
001 WB4025-16
008 040630n2004 000 0 eng u
035 _a(Sirsi) u126647
245 _aLondon neglects pedestrians
260 _c2004
490 _aPlanning (for the Natural and Built Environment)
_v1575, 25 June 2004 2(1)
520 _aThe streets of London are dominated by vehicles, at the expense of pedestrians, according to a report unveiled this week. The report, "Towards a fine city for people: public spaces and public life - London 2004", by Gehl Architects, examines streets, squares and parks to see how the capital could improve its public spaces and become a walking city. The report is available at http://www.gehlarchitects.dk/html/projects/london/ pix/28780_TFL_Public_Spaces.pdf.
590 _aWB
590 _aWB
650 _aPEDESTRIANS
650 _aCITY OF LONDON
650 _aPUBLIC SPACE
690 _aPLANNING
942 _n0
999 _c117619
_d117619